| 000 | 00562nam a22001811i 4500 | ||
|---|---|---|---|
| 001 | 12583 | ||
| 090 | _a12583 | ||
| 010 | _a9789727101078 | ||
| 100 | _a20170304u u u0frey50 ba | ||
| 101 | 0 | _apor | |
| 200 | 1 |
_fLuísa Ducla Soares _aO rapaz e o robô |
|
| 215 |
_a41, [3] p. _cil. p.7b. _d20 cm |
||
| 700 | 1 |
_aSoares _bLuísa Ducla _4070 _f1939- _92431 |
|
| 210 |
_cTerramar _aLisboa _d1998 |
||
| 225 | 2 |
_aAbracadabra _v5 |
|
| 410 | 0 | _tAbracadabra | |
| 996 |
_f0014124 _kSOA Juv _m00000000 _n00000000 _aBMVA _b1 _vViana do Alentejo _xLiteratura Juvenil _y2 _eLivro _10 _31 |
||
| 990 | _cLIVROS | ||